| 000 | 03533nac a2200529 a 4500 | ||
|---|---|---|---|
| 003 | CHAP | ||
| 005 | 20241014143821.0 | ||
| 006 | k||||fr|||| s0| vl | ||
| 007 | ta | ||
| 008 | 230323s2013 ck ao||fr|||| 001 0 spa d | ||
| 020 | _a978-958-8595-15-3 (serie) | ||
| 020 | _a978-958-8595-09-2 (v.1) | ||
| 020 | _a978-958-8595-10-8 (v.2) | ||
| 020 | _a978-958-8595-14-6 (v.3) | ||
| 020 | _a978-958-8595-12-2 (v.5) | ||
| 040 |
_amxchpua _cCHAP _erda |
||
| 041 | 0 | _bEspañol | |
| 050 | 1 | 0 |
_aTP370 _b.C65 2013 |
| 082 | 0 | 0 |
_a664 _bC65 2013 _220 |
| 110 | 2 |
_9128381 _aFundación Hogares Juveniles Campesinos |
|
| 245 | 1 | 0 |
_aColección 50 años de los Hogares Juveniles Campesinos / _cFundación Hogares Juveniles Campesinos |
| 250 | _a1a edición | ||
| 264 |
_aMedellín, Colombia : _bFundación Hogares Juveniles Campesinos; Grania, _c2013 |
||
| 300 |
_a6 v. : _bilustraciones, diagramas, tablas, fotos, discos |
||
| 336 |
_2rdacontent _atexto _btxt |
||
| 337 |
_2rdamedia _asin medio _bn |
||
| 338 |
_2rdacarrier _avolumen _bnc |
||
| 490 | 1 | _aColección 50 años de los Hogares Juveniles Campesinos | |
| 500 | _aLos DVD contienen Manual para guías y vídeos | ||
| 500 | _aLa biblioteca de Zootecnia cuenta solo con los volúmenes 1 y 2 | ||
| 520 | 2 | _aVolumen 1. -- Nuestra guía contiene métodos domésticos de procesamiento de los productos derivados de la leche, especialmente en los siguientes productos: Queso campesino, quesillo, queso doble crema, queso paipa, queso costeño, quesito antioqueño, mantequilla, crema batilla, yogurt, kumis, suero costeño, arequipe, panelitas y helados. Los temas vienen acompañados de DVD´s didácticos. -- Volumen 2. -- Es una guía práctica de las características y valor nutritivo de la carne como alimento proveniente de bovinos, porcinos, ovinos, caprinos y équidos; así como, los procesos necesarios en la elaboración de productos cárnicos como: los métodos de conservación, el procesado de embutidos y otros productos cárnicos. Está acompañado de un DVD didáctico. Volumen 3. -- Es una guía sencilla y práctica que contiene los principios de conservación de frutas y verduras, la higiene para la producción y el manejo de instalaciones y equipos requeridos. Damos una explicación práctica de cómo elaborar frutas en almíbar, mermeladas, compotas de frutas y verduras congeladas, encurtidos mixtos, escabeche, salsas, col agria, vinagre, frutas y verduras deshidratas. Temas acompañados de DVD´s didácticos. Volumen 5. -- Esta guía práctica contiene los temas de manejo, sanidad y producción de conejos y cuyes, incluyendo: Razas, instalaciones, alimentación y nutrición, sistemas de apareamiento y reproducción y productos de explotación. Viene acompañado de DVD´s didácticos. | |
| 650 | 1 | 7 |
_992124 _aProductos lácteos |
| 650 | 1 | 3 |
_aProductos cárnicos _9147832 _xConsevación |
| 650 | 1 | 0 |
_aElaboración de embutidos _9144742 |
| 650 | 1 | 3 |
_9159107 _aFrutas en conserva |
| 650 | 1 | 3 |
_9186514 _aVerduras en conserva |
| 650 | 1 | 3 |
_9186516 _aConejillo de Indias _xProducción animal |
| 650 | 1 | 7 |
_926352 _aConejos _xProducción animal |
| 650 | 1 | 3 |
_9147027 _aDairy products |
| 650 | 1 | 0 |
_aCanned fruit _9159106 |
| 650 | 1 | 3 |
_9186515 _aCanned vegetables |
| 650 | 1 | 3 |
_9186517 _aGuinea pigs _xAnimal production |
| 650 | 1 | 3 |
_9152436 _aRabbits _xAnimal production |
| 710 | 2 |
_9128381 _aFundación Hogares Juveniles Campesinos |
|
| 830 | 0 |
_9186513 _aColección 50 años de los Hogares Juveniles Campesinos |
|
| 942 |
_2ddc _cLIBRO |
||
| 999 |
_c218569 _d218569 |
||